000 00446nam a2200181Ia 4500
008 230524s9999 xx 000 0 und d
020 _a9780071070515
082 _a530
_bMAS
100 _aGiuseppe Massobrio
245 0 _aSemiconductor Device Modeling With Spice
250 _a2
260 _aNew Delhi
_bMGH
_c2010
300 _a479p;
500 _aQuantity Number: 23
650 _aPhysics
700 _aPaolo Antognetti
942 _cBK
999 _c53597
_d53597